• De Santis, Luca,

di Personal Name

Records bibliografici associati: 1

001 - CONTROL NUMBER

  • control field: 60835

003 - CONTROL NUMBER IDENTIFIER

  • control field:

005 - DATE AND TIME OF LATEST TRANSACTION

  • control field: 20240628082540.0

008 - FIXED-LENGTH DATA ELEMENTS

  • fixed length control field: 240628|| aca||aabn | a|a d

040 ## - CATALOGING SOURCE

  • Original cataloging agency:
  • Transcribing agency:

100 ## - HEADING--PERSONAL NAME

  • Personal name: De Santis, Luca,
  • Titles and other words associated with a name: o.p.,
  • Dates associated with a name: 1952-

670 ## - SOURCE DATA FOUND

  • Source citation: Work cat.: ()360159: Kingsbury, Jack Dean. 1934 autore 60834, Matteo :, 1998.
CREDITS: SOCIETA' SAN PAOLO Via A.Severo, 58 - ROMA (RM) & PERIODICI SAN PAOLO SRL Via Giotto, 36 MILANO & CISF Via Giotto, 36 MILANO & EDIZIONI SAN PAOLO SRL,  Piazza Soncino, 5 CINISELLO BALSAMO (MI) -- ITALY